| 000 | 00434pab a2200133 454500 | ||
|---|---|---|---|
| 008 | 180718b1988 xxu||||| |||| 00| 0 eng d | ||
| 100 | _aFakiyesl, Tayo | ||
| 245 | _aAsset and liability management of commercial banking firms in the process of monetary and financial policy making in Nigeria | ||
| 260 | _c1988 | ||
| 300 | _a105-24 | ||
| 650 | _aBanks - Nigeria | ||
| 773 | _aAfrican Review of Money Finance and Banking | ||
| 909 | _a4388 | ||
| 999 |
_c4388 _d4388 |
||